[Event "Jatai Goiana zt"]
[Site "Jatai"]
[Date "2020.11.22"]
[Round "4"]
[White "Da Silva Filho, Jair Humberto"]
[Black "De Oliveira, Aquiles Machado"]
[Result "1/2-1/2"]
[WhiteElo "2004"]
[BlackElo "2024"]
[PlyCount "30"]
[EventDate "2020.11.20"]
[EventType "swiss"]
[EventRounds "5"]
[EventCountry "BRA"]
[SourceTitle "CBM 199 Extra"]
[Source "ChessBase"]
[SourceDate "2021.01.31"]
[SourceVersion "1"]
[SourceVersionDate "2021.01.31"]
[SourceQuality "1"]

1. d4 d5 2. Nf3 Nf6 3. c4 e6 4. Nc3 a6 5. Bg5 dxc4 6. a4 h6 7. Bh4 Bb4 8. e3 c5 9. Bxf6 Qxf6 10. Bxc4 cxd4 11. exd4 Nc6 12. 0-0 0-0 13. Qb3 Qe7 14. Qc2 Rd8 15. Rad1 Bd6 1/2-1/2

[Event "Jatai Goiana zt"]
[Site "Jatai"]
[Date "2020.11.22"]
[Round "5"]
[White "Oliveira, Olavo Tadeu Carvalh"]
[Black "Da Silva Filho, Jair Humberto"]
[Result "0-1"]
[WhiteElo "1303"]
[BlackElo "2004"]
[PlyCount "58"]
[EventDate "2020.11.20"]
[EventType "swiss"]
[EventRounds "5"]
[EventCountry "BRA"]
[SourceTitle "CBM 199 Extra"]
[Source "ChessBase"]
[SourceDate "2021.01.31"]
[SourceVersion "1"]
[SourceVersionDate "2021.01.31"]
[SourceQuality "1"]

1. e4 c5 2. Nf3 Nc6 3. d4 cxd4 4. Nxd4 e5 5. Nb3 Nf6 6. Nc3 Bb4 7. Bd3 d5 8. Bd2 Bxc3 9. Bxc3 dxe4 10. Bb5 Qc7 11. 0-0 0-0 12. Qe2 Be6 13. Rad1 Bg4 14. f3 Bh5 15. Rc1 Rfe8 16. Qe3 exf3 17. gxf3 Nd5 18. Qe1 Qb6+ 19. Kh1 Qxb5 20. Bd2 Nf4 21. Bxf4 exf4 22. Qf2 Re3 23. Qg2 Rae8 24. h4 R8e6 25. Rf2 Rg6 26. Qh3 h6 27. Rcf1 Rg3 28. Qc8+ Kh7 29. Qf5+ Qxf5 0-1

[Event "Goiania FEXEG Cup"]
[Site "Goiania"]
[Date "2020.02.15"]
[Round "3"]
[White "Quirino, Rafael David"]
[Black "Da Silva Filho, Jair Humberto"]
[Result "0-1"]
[WhiteElo "1452"]
[BlackElo "2006"]
[PlyCount "22"]
[EventDate "2020.02.14"]
[EventType "swiss"]
[EventRounds "5"]
[EventCountry "BRA"]
[SourceTitle "CBM 195 Extra"]
[Source "ChessBase"]
[SourceDate "2020.05.31"]
[SourceVersion "1"]
[SourceVersionDate "2020.05.31"]
[SourceQuality "1"]

1. e4 c5 2. Nf3 Nc6 3. d4 cxd4 4. Nxd4 e5 5. Nb3 Nf6 6. Nc3 Bb4 7. f3 d5 8. Bd2 dxe4 9. Nxe4 Nxe4 10. fxe4 Qh4+ 11. g3 Qxe4+ 0-1

[Event "Goiania FEXEG Cup"]
[Site "Goiania"]
[Date "2020.02.14"]
[Round "1"]
[White "Colivet Gamboa, Julio Cesar"]
[Black "Da Silva Filho, Jair Humberto"]
[Result "0-1"]
[WhiteElo "1533"]
[BlackElo "2006"]
[PlyCount "56"]
[EventDate "2020.02.14"]
[EventType "swiss"]
[EventRounds "5"]
[EventCountry "BRA"]
[SourceTitle "CBM 195 Extra"]
[Source "ChessBase"]
[SourceDate "2020.05.31"]
[SourceVersion "1"]
[SourceVersionDate "2020.05.31"]
[SourceQuality "1"]

1. c4 Nf6 2. Nc3 d6 3. g3 g6 4. Bg2 Bg7 5. Nf3 0-0 6. 0-0 e5 7. d4 exd4 8. Nxd4 Nbd7 9. Bg5 h6 10. Bxf6 Nxf6 11. Qc2 c6 12. Rad1 Qc7 13. Rd2 Bd7 14. Rfd1 Rfe8 15. b4 Rad8 16. b5 Qc8 17. Qa4 cxb5 18. Qxa7 Qxc4 19. Rc2 Qc5 20. Qxb7 Rb8 21. Qf3 Qb6 22. Rb2 Qa5 23. Qd3 b4 24. Nb3 Qa3 25. Rc2 bxc3 26. Rxc3 Qxa2 27. Nc1 Qa7 28. Qxd6 Ne4 0-1

[Event "Goiania Regional Centro Oeste"]
[Site "Goiania"]
[Date "2019.12.01"]
[Round "5"]
[White "Guimaraes, Diogo Duarte"]
[Black "Da Silva Filho, Jair Humberto"]
[Result "1-0"]
[WhiteElo "2322"]
[BlackElo "2002"]
[PlyCount "103"]
[EventDate "2019.11.29"]
[EventType "swiss"]
[EventRounds "6"]
[EventCountry "BRA"]
[SourceTitle "EXT 2021"]
[Source "ChessBase"]
[SourceDate "2020.10.23"]
[SourceVersion "1"]
[SourceVersionDate "2020.10.23"]
[SourceQuality "1"]

1. e4 c5 2. Nf3 Nc6 3. d4 cxd4 4. Nxd4 e5 5. Nb5 d6 6. c4 a6 7. N5a3 Be7 8. Nc3 Nf6 9. Be2 0-0 10. 0-0 Nd4 11. Nc2 Nxe2+ 12. Qxe2 Be6 13. Ne3 Rc8 14. Rd1 Qc7 15. Ncd5 Nxd5 16. cxd5 Bd7 17. Bd2 Bg5 18. Rac1 Qd8 19. Rxc8 Bxc8 20. Nc4 Bxd2 21. Qxd2 b5 22. Na5 f5 23. exf5 Bxf5 24. Rc1 Bd7 25. Nc6 Qh4 26. Rc3 Kh8 27. Qe2 Qg5 28. Nb4 a5 29. Nc6 b4 30. Rc4 e4 31. h4 Qxd5 32. Ne7 Qf7 33. Rxe4 d5 34. Re5 d4 35. Rd5 Be6 36. Rd6 Qxe7 37. Qxe6 Qxh4 38. g3 Qg5 39. Rxd4 Qc1+ 40. Kg2 Qxb2 41. Qf5 Rg8 42. Rh4 h6 43. Qxa5 b3 44. Qb6 Rc8 45. axb3 Rc1 46. Qd8+ Kh7 47. Qd3+ Kg8 48. Qd5+ Kh7 49. Qf5+ Kg8 50. Re4 Qf6 51. Re8+ Kf7 52. Qd7+ 1-0

[Event "Goiania Franca Memorial"]
[Site "Goiania"]
[Date "2019.10.20"]
[Round "5"]
[White "Mourao, Igor AC Lofredo"]
[Black "Da Silva Filho, Jair Humberto"]
[Result "1-0"]
[WhiteElo "2108"]
[BlackElo "2005"]
[PlyCount "63"]
[EventDate "2019.10.18"]
[EventType "swiss"]
[EventRounds "5"]
[EventCountry "BRA"]
[SourceTitle "CBM 193 Extra"]
[Source "ChessBase"]
[SourceDate "2020.01.31"]
[SourceVersion "1"]
[SourceVersionDate "2020.01.31"]
[SourceQuality "1"]

1. d4 Nf6 2. c4 e6 3. Nc3 Bb4 4. g3 d5 5. Bg2 0-0 6. Nf3 Ne4 7. Qd3 Nd7 8. 0-0 Ndf6 9. Ne5 Nxc3 10. bxc3 Be7 11. a4 Nd7 12. cxd5 exd5 13. Bxd5 Nxe5 14. dxe5 Bf5 15. Qf3 c6 16. Bxc6 Bh3 17. Bxb7 Bxf1 18. Bxa8 Qd1 19. Bb2 Rd8 20. Rxd1 Rxd1 21. Qd3 Bxe2+ 22. Qxd1 Bxd1 23. Bc6 Bb3 24. Bc1 a6 25. Be3 Bc4 26. f4 Ba3 27. Kf2 Kf8 28. Kf3 Bf1 29. Kf2 Bc4 30. Bb6 Bb2 31. Bc5+ Kg8 32. Bb4 1-0

[Event "Goiania Franca Memorial"]
[Site "Goiania"]
[Date "2019.10.18"]
[Round "1"]
[White "De Oliveira, Enzo Resende"]
[Black "Da Silva Filho, Jair Humberto"]
[Result "0-1"]
[WhiteElo "1296"]
[BlackElo "2005"]
[PlyCount "50"]
[EventDate "2019.10.18"]
[EventType "swiss"]
[EventRounds "5"]
[EventCountry "BRA"]
[SourceTitle "CBM 193 Extra"]
[Source "ChessBase"]
[SourceDate "2020.01.31"]
[SourceVersion "1"]
[SourceVersionDate "2020.01.31"]
[SourceQuality "1"]

1. c4 Nf6 2. Nc3 g6 3. g3 Bg7 4. Bg2 0-0 5. Nf3 c6 6. 0-0 d5 7. cxd5 cxd5 8. d3 Nc6 9. Qa4 e5 10. e4 d4 11. Ne2 h6 12. h3 Be6 13. Qb5 Qd7 14. Kh2 a6 15. Qc5 Rfc8 16. Bd2 Bf8 17. Qc1 Kh7 18. a3 Bb3 19. h4 Nb4 20. Qb1 Ng4+ 21. Kg1 Bc2 22. Qe1 Nxd3 23. Qd1 Bxd1 24. Rfxd1 Ndxf2 25. Rf1 Nxe4 0-1

[Event "Goiania Xeque Mate U2200 op 4th"]
[Site "Goiania"]
[Date "2019.03.10"]
[Round "4"]
[White "Franca, Jairo Jr"]
[Black "Da Silva Filho, Jair Humberto"]
[Result "1-0"]
[WhiteElo "1832"]
[BlackElo "2024"]
[PlyCount "61"]
[EventDate "2019.03.09"]
[EventType "swiss"]
[EventRounds "5"]
[EventCountry "BRA"]
[SourceTitle "CBM 190 Extra"]
[Source "ChessBase"]
[SourceDate "2019.07.15"]
[SourceVersion "1"]
[SourceVersionDate "2019.07.15"]
[SourceQuality "1"]

1. e4 c5 2. Nf3 Nc6 3. d4 cxd4 4. Nxd4 g6 5. Nc3 Bg7 6. Be3 Nf6 7. f3 0-0 8. Bc4 a6 9. Bb3 b5 10. Qd2 Bb7 11. 0-0-0 Na5 12. h4 Rc8 13. Kb1 Nc4 14. Bxc4 Rxc4 15. h5 Nxh5 16. g4 Nf4 17. Qh2 h5 18. Bxf4 Rxd4 19. gxh5 Rb4 20. hxg6 fxg6 21. Be5 Rf6 22. Rdg1 Kf7 23. Qg3 Qg8 24. Bxf6 Bxf6 25. e5 Bh8 26. Rh5 Qg7 27. Rg5 d6 28. f4 dxe5 29. fxe5 Qh7 30. Rxg6 e6 31. Qd3 1-0

[Event "Trindade op"]
[Site "Trindade"]
[Date "2018.08.31"]
[Round "1"]
[White "Da Silva Filho, Jair Humberto"]
[Black "De Oliveira, Enzo Resende"]
[Result "1-0"]
[WhiteElo "2029"]
[BlackElo "1315"]
[PlyCount "81"]
[EventDate "2018.08.31"]
[EventType "swiss"]
[EventRounds "6"]
[EventCountry "BRA"]
[SourceTitle "CBM 187 Extra"]
[Source "ChessBase"]
[SourceDate "2018.11.04"]
[SourceVersion "1"]
[SourceVersionDate "2018.11.04"]
[SourceQuality "1"]

1. d4 Nf6 2. c4 g6 3. Nc3 Bg7 4. e4 0-0 5. Nf3 d6 6. Be2 c5 7. d5 b6 8. 0-0 Nbd7 9. h3 Ne5 10. Nxe5 dxe5 11. Be3 Bd7 12. Rb1 Rb8 13. a3 e6 14. b4 cxb4 15. axb4 Rc8 16. c5 bxc5 17. bxc5 Ra8 18. c6 Bc8 19. d6 Qa5 20. Qc2 Ba6 21. Ra1 Qb4 22. Rxa6 Qxd6 23. Nb5 Qe7 24. Bc5 Qd8 25. Bxf8 Qxf8 26. Rxa7 Rc8 27. Rfa1 Qe8 28. c7 Nd7 29. Nd6 Qf8 30. Nxc8 Qxc8 31. Ra8 Nb6 32. Rxc8+ Nxc8 33. Ra8 Bf8 34. Rxc8 Kg7 35. Rxf8 Kxf8 36. Qc5+ Kg7 37. Qe7 h5 38. c8R h4 39. Qxh4 g5 40. Qh8+ Kg6 41. Bh5# 1-0

[Event "Goiania Xeque Mate U2200 2nd"]
[Site "Goiania"]
[Date "2018.07.29"]
[Round "5.3"]
[White "De Souza Sa, Apolo"]
[Black "Da Silva Filho, Jair Humberto"]
[Result "1/2-1/2"]
[WhiteElo "1943"]
[BlackElo "2052"]
[PlyCount "155"]
[EventDate "2018.07.28"]
[EventType "swiss"]
[EventRounds "5"]
[EventCountry "BRA"]
[SourceTitle "EXT 2022"]
[Source "ChessBase"]
[SourceDate "2021.10.06"]
[SourceVersion "1"]
[SourceVersionDate "2021.10.06"]
[SourceQuality "1"]

1. d4 Nf6 2. c4 e6 3. Nc3 d5 4. cxd5 Nxd5 5. e4 Nxc3 6. bxc3 c5 7. Nf3 cxd4 8. cxd4 Bb4+ 9. Bd2 Bxd2+ 10. Qxd2 0-0 11. Ne5 Nd7 12. Nf3 b6 13. Bd3 Bb7 14. 0-0 Qe7 15. a4 Rfc8 16. a5 Nf6 17. Qf4 Rc3 18. Rfd1 bxa5 19. Rxa5 Qb4 20. Raa1 h6 21. h3 a5 22. g4 Rxd3 23. Rxd3 Bxe4 24. Rda3 a4 25. h4 Bc2 26. Ne5 Qb7 27. g5 hxg5 28. hxg5 Nd5 29. Qf3 f6 30. R1a2 Qb1+ 31. Kh2 Be4 32. Ra1 Bxf3 33. Rxb1 fxe5 34. g6 Be4 35. Rxa4 Rf8 36. Rb2 exd4 37. Rxd4 Bxg6 38. Kg3 Rc8 39. Re2 Bf5 40. Re5 g6 41. Re2 Kf7 42. Rb2 Kf6 43. Ra2 g5 44. Ra6 Nf4 45. Ra2 Ke5 46. Rda4 Rh8 47. Ra5+ Kf6 48. f3 Rh3+ 49. Kf2 Rh2+ 50. Ke3 Nd5+ 51. Kd4 Rxa2 52. Rxa2 g4 53. fxg4 Bxg4 54. Rf2+ Bf5 55. Rf1 Ne7 56. Re1 e5+ 57. Kc5 e4 58. Kd6 Ng6 59. Kd5 Nf4+ 60. Kd4 Ne6+ 61. Kd5 Ng5 62. Re3 Be6+ 63. Kd4 Kf5 64. Rg3 Nf3+ 65. Ke3 Bd5 66. Rg2 Ke5 67. Rg4 Nd4 68. Rg1 Nf5+ 69. Ke2 Bc4+ 70. Kd1 e3 71. Re1 Kf4 72. Kc2 Kf3 73. Kc3 Kf2 74. Ra1 Bf1 75. Ra2+ e2 76. Kd3 Kf3 77. Kd2 Ne3 78. Ra3 1/2-1/2

[Event "Goiania Xeque Mate U2200 2nd"]
[Site "Goiania"]
[Date "2018.07.28"]
[Round "2.3"]
[White "Da Silva Filho, Jair Humberto"]
[Black "Felix, Raimundo Nascimento"]
[Result "1/2-1/2"]
[WhiteElo "2052"]
[BlackElo "1874"]
[PlyCount "113"]
[EventDate "2018.07.28"]
[EventType "swiss"]
[EventRounds "5"]
[EventCountry "BRA"]
[SourceTitle "EXT 2022"]
[Source "ChessBase"]
[SourceDate "2021.10.06"]
[SourceVersion "1"]
[SourceVersionDate "2021.10.06"]
[SourceQuality "1"]

1. d4 Nf6 2. c4 e6 3. Nc3 Bb4 4. e3 b6 5. Nf3 0-0 6. Be2 Bb7 7. 0-0 Bxc3 8. bxc3 d6 9. Nd2 c5 10. Bf3 Nc6 11. Qa4 Qc7 12. Rb1 Rfd8 13. Ba3 Na5 14. Bxb7 Nxb7 15. e4 Na5 16. d5 e5 17. Rfe1 Nh5 18. Qd1 Nf4 19. g3 Ng6 20. h4 Qd7 21. h5 Nf8 22. Kg2 f5 23. Bc1 Qf7 24. Qe2 Nd7 25. Nf3 h6 26. Nh4 fxe4 27. g4 Nf6 28. Rh1 Rf8 29. Ng6 Nh7 30. Nh4 Nf6 31. Ng6 Nxg4 32. Be3 Nxe3+ 33. fxe3 Qf3+ 34. Qxf3 exf3+ 35. Kf2 Rf7 36. Rh4 Re8 37. Re4 Rf5 38. Rh1 Kh7 39. Rh3 Rxh5 40. Rxh5 Kxg6 41. Rh3 Rf8 42. Reh4 Rf5 43. Rg4+ Kf7 44. Rgg3 Nxc4 45. Rxf3 Rf6 46. Rxf6+ Kxf6 47. Rf3+ Ke7 48. Ke2 g6 49. Rh3 h5 50. Rf3 a6 51. Rf1 b5 52. e4 Nb6 53. Kf3 Nd7 54. Rb1 Nb6 55. Rf1 Nd7 56. Rb1 Nb6 57. Rf1 1/2-1/2

[Event "Concordia op 4th"]
[Site "Concordia"]
[Date "2018.06.30"]
[Round "3"]
[White "Umetsubo, Cesar Hidemitsu"]
[Black "Da Silva Filho, Jair Humberto"]
[Result "1-0"]
[WhiteElo "2401"]
[BlackElo "2052"]
[PlyCount "81"]
[EventDate "2018.06.29"]
[EventType "swiss"]
[EventRounds "6"]
[EventCountry "BRA"]
[SourceTitle "EXT 2019"]
[Source "ChessBase"]
[SourceDate "2018.10.10"]
[SourceVersion "1"]
[SourceVersionDate "2018.10.10"]
[SourceQuality "1"]

1. d4 Nf6 2. c4 e6 3. Nc3 d5 4. cxd5 Nxd5 5. e4 Nxc3 6. bxc3 c5 7. a3 cxd4 8. cxd4 Be7 9. Nf3 0-0 10. Be2 b6 11. 0-0 Bb7 12. Bd3 Nc6 13. Be3 Rc8 14. Qb1 Na5 15. Rd1 Rc3 16. Bd2 Rb3 17. Qc2 Rxa3 18. Rxa3 Bxa3 19. d5 Qe7 20. Qa2 exd5 21. exd5 Qd6 22. Bxa5 bxa5 23. Bxh7+ Kxh7 24. Qb1+ Kg8 25. Qxb7 Bc5 26. Qb1 Rb8 27. Qc2 g6 28. Ng5 Qe7 29. Ne4 Bd6 30. g3 Rb4 31. Nc3 Qe5 32. Rd3 Rc4 33. Qb3 Rb4 34. Qc2 Rc4 35. Qb3 Rb4 36. Qd1 Rb2 37. Re3 Qf6 38. Ne4 Qf5 39. Qd4 Rb4 40. Nf6+ Kg7 41. Ne8+ 1-0

[Event "Concordia op 4th"]
[Site "Concordia"]
[Date "2018.06.29"]
[Round "2"]
[White "Da Silva Filho, Jair Humberto"]
[Black "Zago, Caroline Datora"]
[Result "1-0"]
[WhiteElo "2052"]
[BlackElo "1628"]
[PlyCount "67"]
[EventDate "2018.06.29"]
[EventType "swiss"]
[EventRounds "6"]
[EventCountry "BRA"]
[SourceTitle "EXT 2019"]
[Source "ChessBase"]
[SourceDate "2018.10.10"]
[SourceVersion "1"]
[SourceVersionDate "2018.10.10"]
[SourceQuality "1"]

1. d4 Nf6 2. c4 g6 3. Nc3 Bg7 4. e4 d6 5. Nf3 0-0 6. Be2 Nc6 7. 0-0 e5 8. d5 Ne7 9. Ne1 Nd7 10. Nd3 f5 11. Bd2 Nf6 12. f3 h6 13. c5 a6 14. b4 g5 15. Nf2 Ng6 16. cxd6 cxd6 17. b5 Rf7 18. bxa6 bxa6 19. Rb1 f4 20. Na4 Rb7 21. Rxb7 Bxb7 22. Qb3 Qe7 23. Rb1 Bc8 24. Nb6 Rb8 25. Nxc8 Rxc8 26. Bxa6 Ra8 27. Bb5 Qa7 28. Bc6 Rc8 29. Qb7 Qxb7 30. Rxb7 h5 31. h3 Nf8 32. a4 Rd8 33. Ba5 Rc8 34. Bc7 1-0

[Event "Goiania Regional-ch"]
[Site "Goiania"]
[Date "2017.12.02"]
[Round "8"]
[White "Mourao, Igor AC Lofredo"]
[Black "Da Silva Filho, Jair Humberto"]
[Result "1/2-1/2"]
[WhiteElo "2122"]
[BlackElo "2036"]
[PlyCount "164"]
[EventDate "2017.11.24"]
[EventType "tourn"]
[EventRounds "10"]
[EventCountry "BRA"]
[SourceTitle "EXT 2019"]
[Source "ChessBase"]
[SourceDate "2018.10.10"]
[SourceVersion "1"]
[SourceVersionDate "2018.10.10"]
[SourceQuality "1"]

1. d4 Nf6 2. c4 g6 3. Nc3 Bg7 4. Nf3 0-0 5. Bf4 d6 6. e3 c6 7. Be2 Re8 8. h3 Nbd7 9. 0-0 Qb6 10. a3 e5 11. c5 Qd8 12. dxe5 dxe5 13. Nxe5 Nxc5 14. Bf3 Be6 15. b4 Nfd7 16. Nxd7 Nxd7 17. Ne4 Ne5 18. Be2 Bd5 19. Nc3 Bc4 20. Bxe5 Bxe2 21. Qxe2 Bxe5 22. Rad1 Qh4 23. Nb1 Rad8 24. Nd2 Bc7 25. Nf3 Qf6 26. Qc4 Rd6 27. Rxd6 Qxd6 28. g3 Rd8 29. Kg2 Qd3 30. Qh4 Rd7 31. Ng5 h5 32. Ne4 Bd8 33. Qf4 Qd5 34. Kh2 Kg7 35. Nc5 Re7 36. e4 Qd4 37. Qf3 Bb6 38. Rd1 Qe5 39. Nd7 Qe6 40. Qc3+ f6 41. Nxb6 axb6 42. Rd4 Qa2 43. Kg2 Qe2 44. Qf3 Qxf3+ 45. Kxf3 b5 46. Ke3 Kf7 47. f4 Rc7 48. Rd8 c5 49. Rd5 b6 50. g4 Ra7 51. gxh5 Rxa3+ 52. Ke2 Rxh3 53. hxg6+ Kxg6 54. bxc5 bxc5 55. Rxc5 Rb3 56. Rc6 Kf7 57. f5 Kg7 58. Rb6 Kf7 59. Rb7+ Kf8 60. Kd2 b4 61. Rb8+ Kg7 62. Rb6 Kf7 63. Kc2 Rc3+ 64. Kd2 Rb3 65. Rb7+ Kf8 66. Ke2 Kg8 67. Rd7 Kf8 68. Rd4 Kg7 69. Rd6 Kf7 70. Kd2 Kg7 71. Kc2 Rc3+ 72. Kd2 Rb3 73. Rc6 Kf7 74. Rc7+ Kf8 75. Rc4 Rb2+ 76. Kd3 Kg7 77. Rc6 Rb1 78. Rb6 b3 79. Kc3 Rc1+ 80. Kd2 Rb1 81. Kc3 Rc1+ 82. Kd2 Rb1 1/2-1/2

[Event "Goiania zt"]
[Site "Goiania"]
[Date "2017.08.19"]
[Round "4"]
[White "Mourao, Igor AC Lofredo"]
[Black "Da Silva Filho, Jair Humberto"]
[Result "1-0"]
[WhiteElo "2108"]
[BlackElo "2018"]
[PlyCount "97"]
[EventDate "2017.08.18"]
[EventType "swiss"]
[EventRounds "6"]
[EventCountry "BRA"]
[SourceTitle "CBM 180 Extra"]
[Source "ChessBase"]
[SourceDate "2017.10.06"]
[SourceVersion "1"]
[SourceVersionDate "2017.10.06"]
[SourceQuality "1"]

1. d4 Nf6 2. c4 e6 3. Nc3 d5 4. cxd5 exd5 5. Bg5 c6 6. e3 Bf5 7. Qf3 Bg6 8. Bxf6 Qxf6 9. Qxf6 gxf6 10. Nf3 Be7 11. Be2 Nd7 12. 0-0 0-0 13. Nd2 Rfe8 14. a3 Bd6 15. b4 b5 16. Nb3 Nb6 17. Na5 Rac8 18. Rfd1 Nc4 19. Nb7 Bf8 20. Bxc4 bxc4 21. Nc5 Kg7 22. a4 Bxc5 23. dxc5 a6 24. Ra2 Rb8 25. Rb2 Bd3 26. h3 Rec8 27. f3 Rb7 28. Kf2 f5 29. Kg3 Kf6 30. Kf4 Ke6 31. Ra1 Kd7 32. Ke5 Re8+ 33. Kd4 Reb8 34. b5 axb5 35. axb5 cxb5 36. Kxd5 Rc7 37. Rxb5 Re8 38. Ra6 Bf1 39. c6+ Ke7 40. Kc5 Kf8 41. Rb7 Rcc8 42. Raa7 Re6 43. Rxf7+ Kg8 44. Rg7+ Kf8 45. Raf7+ Ke8 46. Rg8+ Kxf7 47. Rxc8 Bxg2 48. c7 Bxf3 49. Nd5 1-0

[Event "Goiania zt"]
[Site "Goiania"]
[Date "2017.08.18"]
[Round "1"]
[White "De Moura, Valderi Nascimento"]
[Black "Da Silva Filho, Jair Humberto"]
[Result "0-1"]
[WhiteElo "1738"]
[BlackElo "2018"]
[PlyCount "56"]
[EventDate "2017.08.18"]
[EventType "swiss"]
[EventRounds "6"]
[EventCountry "BRA"]
[SourceTitle "CBM 180 Extra"]
[Source "ChessBase"]
[SourceDate "2017.10.06"]
[SourceVersion "1"]
[SourceVersionDate "2017.10.06"]
[SourceQuality "1"]

1. e4 c5 2. Nf3 Nc6 3. Nc3 g6 4. b3 Bg7 5. Bb2 Nf6 6. Be2 Nxe4 7. Nxe4 Bxb2 8. Rb1 Bg7 9. Nxc5 Qa5 10. Na4 b5 11. Nc5 d6 12. Ne4 d5 13. Nc5 Qb4 14. Nd3 Qa3 15. c3 e5 16. Nc1 Rb8 17. h3 Bf5 18. d3 e4 19. Nd4 Nxd4 20. cxd4 Qb4+ 21. Qd2 Qxd2+ 22. Kxd2 Bxd4 23. dxe4 dxe4 24. Ke1 Bxf2+ 25. Kxf2 e3+ 26. Kxe3 Bxb1 27. Bd3 Bxd3 28. Nxd3 0-0 0-1

[Event "Goiania IRT U2200 1st"]
[Site "Goiania"]
[Date "2017.06.24"]
[Round "2.1"]
[White "Correa, Lorenna Martins"]
[Black "Da Silva Filho, Jair Humberto"]
[Result "0-1"]
[WhiteElo "1613"]
[BlackElo "1993"]
[PlyCount "106"]
[EventDate "2017.06.24"]
[EventType "swiss"]
[EventRounds "5"]
[EventCountry "BRA"]
[SourceTitle "EXT 2022"]
[Source "ChessBase"]
[SourceDate "2021.10.06"]
[SourceVersion "1"]
[SourceVersionDate "2021.10.06"]
[SourceQuality "1"]

1. d4 Nf6 2. c4 e6 3. Nc3 d5 4. Bg5 Be7 5. e3 0-0 6. Nf3 a6 7. cxd5 exd5 8. Bd3 h6 9. Bh4 c6 10. 0-0 Nbd7 11. Qc2 Re8 12. Bg3 Nh5 13. Nxd5 Nxg3 14. Nxe7+ Qxe7 15. hxg3 Nf6 16. Nh4 g6 17. Bc4 Kg7 18. Rad1 Bg4 19. Rde1 Rad8 20. Bd3 h5 21. f4 Nd5 22. e4 Nb4 23. Qb3 Rxd4 24. Bb1 Red8 25. f5 Qc5 26. Qe3 Rc4 27. fxg6 Qxe3+ 28. Rxe3 fxg6 29. e5 g5 30. Nf3 Nc2 31. Rb3 b5 32. Nxg5 Rd2 33. Nf3 Re2 34. Bxc2 Rcxc2 35. Ne1 Rxb2 36. Ra3 Rxa2 37. Rxa2 Rxa2 38. Rf6 Re2 39. Nd3 Re3 40. Nf2 Bd7 41. Rd6 Re1+ 42. Kh2 Be8 43. Nd3 Re3 44. e6 a5 45. Nf4 a4 46. Rd8 Bg6 47. Rd7+ Kf6 48. Rd6 Be8 49. Rd8 Ke7 50. Rd2 b4 51. Rb2 b3 52. Kg1 a3 53. Rb1 a2 0-1

[Event "Goiania IRT U2200 1st"]
[Site "Goiania"]
[Date "2017.06.24"]
[Round "3.1"]
[White "Da Silva Filho, Jair Humberto"]
[Black "Franca, Jairo Jr"]
[Result "1-0"]
[WhiteElo "1993"]
[BlackElo "1915"]
[PlyCount "63"]
[EventDate "2017.06.24"]
[EventType "swiss"]
[EventRounds "5"]
[EventCountry "BRA"]
[SourceTitle "EXT 2022"]
[Source "ChessBase"]
[SourceDate "2021.10.06"]
[SourceVersion "1"]
[SourceVersionDate "2021.10.06"]
[SourceQuality "1"]

1. d4 Nf6 2. c4 g6 3. Nc3 d5 4. cxd5 Nxd5 5. e4 Nxc3 6. bxc3 Bg7 7. Bc4 c5 8. Ne2 0-0 9. 0-0 Nc6 10. Be3 Qc7 11. Qc1 Na5 12. Bd3 Rd8 13. e5 Bxe5 14. f4 Bg7 15. f5 cxd4 16. Nxd4 a6 17. Qc2 Nc4 18. Bf2 b5 19. Be4 Bb7 20. fxg6 hxg6 21. Bxg6 e5 22. Bh7+ Kf8 23. Ne6+ fxe6 24. Bb6+ Ke7 25. Bxc7 Rd2 26. Bd6+ Kxd6 27. Rad1 Bh6 28. Rxd2+ Bxd2 29. Rd1 Rf8 30. Rxd2+ Nxd2 31. Qxd2+ Bd5 32. c4 1-0

[Event "Goiania IRT U2200 1st"]
[Site "Goiania"]
[Date "2017.06.24"]
[Round "1.1"]
[White "Da Silva Filho, Jair Humberto"]
[Black "Raggiotto, Mauro Cezar"]
[Result "1-0"]
[WhiteElo "1993"]
[BlackElo "1423"]
[PlyCount "73"]
[EventDate "2017.06.24"]
[EventType "swiss"]
[EventRounds "5"]
[EventCountry "BRA"]
[SourceTitle "EXT 2022"]
[Source "ChessBase"]
[SourceDate "2021.10.06"]
[SourceVersion "1"]
[SourceVersionDate "2021.10.06"]
[SourceQuality "1"]

1. d4 d5 2. c4 Nf6 3. cxd5 Nxd5 4. e4 Nf6 5. Nc3 e6 6. Nf3 Bb4 7. Bd3 0-0 8. e5 Nd5 9. Bxh7+ Kh8 10. Bd2 g6 11. Nxd5 Bxd2+ 12. Qxd2 Kxh7 13. Nf6+ Kg7 14. Ng5 Nd7 15. Nge4 Rh8 16. Rc1 b6 17. 0-0 Nxe5 18. dxe5 Qxd2 19. Nxd2 c5 20. Nde4 Bb7 21. Nd6 Bd5 22. a3 Rad8 23. Nxd5 exd5 24. Rfd1 d4 25. b4 Rh5 26. f4 f6 27. exf6+ Kxf6 28. bxc5 bxc5 29. Ne4+ Kf5 30. Ng3+ Kxf4 31. Nxh5+ gxh5 32. Rxc5 h4 33. Kf2 Ke4 34. Rh5 Rf8+ 35. Ke2 Rf4 36. g3 Rg4 37. Rxh4 1-0

[Event "Caldas Novas op 1st"]
[Site "Caldas Novas"]
[Date "2017.03.12"]
[Round "5"]
[White "Da Silva Filho, Jair Humberto"]
[Black "Arruda Filho, Ivo Pereira de"]
[Result "1-0"]
[WhiteElo "2000"]
[BlackElo "1826"]
[PlyCount "67"]
[EventDate "2017.03.10"]
[EventType "swiss"]
[EventRounds "6"]
[EventCountry "BRA"]
[SourceTitle "CBM 177 Extra"]
[Source "ChessBase"]
[SourceDate "2017.04.27"]
[SourceVersion "1"]
[SourceVersionDate "2017.04.27"]
[SourceQuality "1"]

1. d4 Nf6 2. c4 e6 3. Nc3 Bb4 4. e3 0-0 5. Nge2 b6 6. a3 Bxc3+ 7. Nxc3 Bb7 8. Bd3 d6 9. 0-0 Nbd7 10. b4 Re8 11. Qc2 h6 12. f3 a5 13. Bb2 Qb8 14. e4 e5 15. Ne2 c5 16. bxc5 bxc5 17. dxe5 Nxe5 18. Rab1 Qc7 19. Rfd1 Bc6 20. Ng3 Bd7 21. Be2 Bc8 22. Qd2 Ra6 23. Bc3 Be6 24. Qc2 Nfd7 25. f4 Nxc4 26. Ba1 Ndb6 27. f5 d5 28. fxe6 fxe6 29. Rd3 Raa8 30. Nh5 d4 31. Rg3 Re7 32. Bxc4 Qe5 33. Nxg7 Nxc4 34. Nf5+ 1-0

[Event "Caldas Novas op 1st"]
[Site "Caldas Novas"]
[Date "2017.03.11"]
[Round "3"]
[White "Valcarcel, Victor Ignacio Sant"]
[Black "Da Silva Filho, Jair Humberto"]
[Result "1-0"]
[WhiteElo "1574"]
[BlackElo "2000"]
[PlyCount "91"]
[EventDate "2017.03.10"]
[EventType "swiss"]
[EventRounds "6"]
[EventCountry "BRA"]
[SourceTitle "CBM 177 Extra"]
[Source "ChessBase"]
[SourceDate "2017.04.27"]
[SourceVersion "1"]
[SourceVersionDate "2017.04.27"]
[SourceQuality "1"]

1. d4 Nf6 2. c4 e6 3. Nc3 d5 4. Bf4 c6 5. e3 Nbd7 6. Nf3 Be7 7. Bd3 dxc4 8. Bxc4 Nd5 9. Bg3 N7f6 10. 0-0 0-0 11. a3 Nxc3 12. bxc3 Ne4 13. Qc2 Nxg3 14. fxg3 Bf6 15. e4 g6 16. Rad1 Qa5 17. e5 Bg7 18. a4 b6 19. h4 Bb7 20. h5 Bh6 21. hxg6 Be3+ 22. Kh2 hxg6 23. Bxe6 Kg7 24. Bxf7 Rxf7 25. Nh4 Rf5 26. Nxg6 Rh8+ 27. Nh4 Rg5 28. Qe4 Qd5 29. Qxd5 cxd5 30. Rf3 Bxd4 31. cxd4 Ba6 32. e6 Rf8 33. e7 Re8 34. Re1 Bc8 35. Rc3 Kf7 36. Rc7 a6 37. Rf1+ Ke6 38. Re1+ Kf7 39. Nf3 Rh5+ 40. Kg1 Rhh8 41. Ne5+ Kf6 42. g4 Rhg8 43. Rf1+ Ke6 44. Rc6+ Kxe7 45. Rf7+ Kd8 46. Rd6+ 1-0